Nutcases: Human rights

Nutcases' presents the basic facts and key principles of the important cases in each area of law, in clear and straightforward language. Cases are organised by topic areas illustrating key principles of the law

Guardado en:
Detalles Bibliográficos
Autor principal: Spencer, Maureen
Otros Autores: Spencer, John
Formato: Libro
Publicado: London: Sweet & Maxwell Limited ; c2005.
Edición:2nd ed.
Materias:
Etiquetas: Agregar Etiqueta
Sin Etiquetas, Sea el primero en etiquetar este registro!

MARC

LEADER 00000nam a22000007a 4500
005 20260414134611.0
020 |a 0421890509  |c TZS 18,326/= 
040 |a MCCL  |b eng.  |e AACR 2nd rev. ed. 
082 |a 341.48 SPE 
100 |a Spencer, Maureen 
245 |a Nutcases: Human rights  |c Maureen Spencer and John Spencer 
250 |a 2nd ed. 
260 |a London:  |b Sweet & Maxwell Limited ;  |c c2005. 
300 |a xxxi, 226 p.:  |c 23 cm. 
504 |a Includes Index. 
520 |a Nutcases' presents the basic facts and key principles of the important cases in each area of law, in clear and straightforward language. Cases are organised by topic areas illustrating key principles of the law 
546 |a eng. 
650 |a Nutcases: Human rights 
700 |a Spencer, John 
942 |c BK 
999 |c 12606  |d 12606